| 000 | 01010nam a2200253Ia 4500 | ||
|---|---|---|---|
| 999 |
_c34535 _d34535 |
||
| 001 | 290 | ||
| 003 | GE_BSU | ||
| 005 | 20241101122441.0 | ||
| 008 | 181216s2009ge xx |||||||||||||| ||geo|| | ||
| 020 | _a978994907869 | ||
| 040 | _cGE_BSU | ||
| 041 | _ageo | ||
| 080 | _a1 ა-30 | ||
| 100 |
_aავალიანი,სერგი _9366 |
||
| 245 |
_aფილოსოფია ყველასათვის / _cსერგი ავალიანი, კახა ქეცბაია ; რედ. : ირაკლი კალანდია და სხვ. |
||
| 250 | _aპირველი გამოცემა. | ||
| 264 |
_aთბილისი : _bზანი, _c2009. |
||
| 300 |
_a352 გვ. ; _c25 სმ. |
||
| 541 | _h20 ლ. | ||
| 653 | _aფილოსოფია | ||
| 700 |
_aქეცბაია, ირაკლი _9367 _eავტორი |
||
| 700 |
_a კალანდია, ირაკლი _eრედაქტორი _95803 |
||
| 942 |
_cBK _2udc |
||